| 000 | 01284nam a2200253Ia 4500 | ||
|---|---|---|---|
| 003 | OSt | ||
| 005 | 20210722121055.0 | ||
| 008 | 130821s1979 ck gr spa | ||
| 040 |
_aCo-BoUCM _bspa _cCO-JMCR |
||
| 041 | 0 | _aspa | |
| 082 | 0 | 4 |
_a332.49861 / _bC766p _223 |
| 111 | 2 |
_aConvención bancaria de instituciones financieras _d(1979 : _cMedellín) _938644 |
|
| 245 | 1 | 0 |
_aPreparémonos para el futuro / _cMemorias de la XVII Convención Bancaria y de Instituciones Financieras, Medellín, octubre de 1979 |
| 260 |
_aBogotá (Colombia) : _bAsociación Bancaria de Colombia, _c1979. |
||
| 300 |
_a121 páginas ; _c23 cm. |
||
| 490 | 0 |
_aBanca ; _v79 |
|
| 501 | _aCon: notas a pie de página. | ||
| 505 | 0 |
_tUna política de moneda sana. / _rJulio César Turbay Ayala. -- _tUna política económica en marcha. / _rJaime García Parra. _tPreparémonos para el futuro. / _rAlfonso Dávila Ortiz. -- _tEstancamiento y retroceso del sector financiero. / _rRoberto Pardo. -- _tFunción social de la banca. / _rDiego Tobón Arbelaez. -- _tEl manejo de las reservas internacionales. / _rGeoffrey Bell. |
|
| 650 | 1 | 4 |
_aBancos _zColombia _99920 |
| 650 | 2 | 4 |
_aFinanzas _97628 |
| 650 | 2 | 4 |
_aFinanzas _zColombia _97628 |
| 711 | 1 |
_aAsociación bancaria de Colombia _938645 |
|
| 942 |
_cBK _2ddc |
||
| 999 |
_c11965 _d11965 |
||